Score 0/24 Timer 05:00
0 Plays Today
Candidates State % Correct
Ron Paul, Ross Perot, George BushTexas
93.4%
George Washington, Thomas Jefferson, James MadisonVirginia
92%
John Adams, Daniel Webster, John F. KennedyMassachusetts
89.3%
John C. Fremont, Richard Nixon, Ronald ReaganCalifornia
89.3%
Abraham Lincoln, Stephen Douglas, Adlai StevensonIllinois
89%
William Hope Harvey, Douglas MacArthur, Bill ClintonArkansas
88.9%
Barry Goldwater, John McCainArizona
87.2%
William Crawford, William Upshaw, Jimmy CarterGeorgia
84.2%
George Clinton, Millard Fillmore, Franklin D. Roosevelt, Donald Trump, Hillary ClintonNew York
82.3%
Andrew Jackson, John Bell, Al GoreTennessee
79.2%
Thomas Pinckney, Charles Pinckney, Strom ThurmondSouth Carolina
71%
Lewis Cass, Earle Munn, Gerald FordMichigan
68.7%
Candidates State % Correct
Hubert Humphrey, Eugene McCarthy, Walter MondaleMinnesota
65.5%
Rutherford Hayes, James Garfield, Warren HardingOhio
63.9%
Herman Faris, Harry S. TrumanMissouri
62.3%
Alf Landon, Earl Browder, Bob DoleKansas
55.4%
Winfield Scott, George McClellan, Woodrow WilsonNew Jersey
53.2%
Henry Clay, John C. BreckinridgeKentucky
46.8%
James Buchanan, Winfield Hancock, Silas SwallowPennsylvania
40.9%
Franklin Pierce, John P. HaleNew Hampshire
40%
Benjamin Harrison, Eugene DebsIndiana
36.6%
Oliver Ellsworth, Ralph NaderConnecticut
27.8%
William Jennings Bryan, Charles E. BentleyNebraska
24.3%
James Iredell, Samuel Johnston, Willie MangumNorth Carolina
23%

You're not logged in!

Compare scores with friends on all Sporcle quizzes.
OR
Log In

Sporcle TV

Today on Sporcle TV


Watch our educational content, quiz creation guides, and fun videos on Sporcle TV.

Show Comments

Extras

Top Quizzes Today


Score Distribution

Paid Content

Your Account Isn't Verified!

In order to create a playlist on Sporcle, you need to verify the email address you used during registration. Go to your Sporcle Settings to finish the process.

Report this User

Report this user for behavior that violates our Community Guidelines.

Details: